| 000 | 00897nam a2200229 a 4500 | ||
|---|---|---|---|
| 001 | 000124950 | ||
| 003 | AM-YEHGA | ||
| 005 | 20250617122625.0 | ||
| 008 | 990207s1977 ru ||||gr|||||||||0|rus|d | ||
| 040 | _aAM-YeHGA | ||
| 041 | 0 | _arus | |
| 245 | 0 | 0 |
_aМитохондрии : _bАккумуляция энергии и регуляция ферментативных процессов / _cАН СССР. Всесоюзное биохимическое общество ; Отв. ред. С.Е. Северин. |
| 260 |
_aМосква : _bНаука, _c1977. |
||
| 300 | _a160 с. | ||
| 650 | 1 | 4 | _aМитохондрии |
| 650 | 1 | 4 | _aБиохимические феномены, метаболизм и питание |
| 650 | 1 | 4 | _aБиоэнергетика |
| 650 | 1 | 4 | _aИонные каналы |
| 700 | 1 |
_aСеверин, С.Е. _eред. _4edt |
|
| 942 |
_2udc _cBK |
||
| 090 | _c41983 | ||
| 999 |
_c41312 _d41312 |
||